书目信息 |
| 题名: |
东方管理商业模式
|
|
| 作者: | 苏宗伟 , 赵渤 著 | |
| 分册: | ||
| 出版信息: | 北京 经济管理出版社 2015.01 |
|
| 页数: | 323页 | |
| 开本: | 26cm | |
| 丛书名: | ||
| 单 册: | ||
| 中图分类: | F272.3 | |
| 科图分类: | ||
| 主题词: | 企业管理--Qi Ye Guan Li--商业模式--研究 , 商业模式--Shang Ye Mo Shi , 研究--Yan Jiu | |
| 电子资源: | ||
| ISBN: | 978-7-5096-3412-7 | |
| 000 | 01256nam0 22003131 450 | |
| 001 | 350297 | |
| 005 | 20161009084843.26 | |
| 010 | @a978-7-5096-3412-7@dCNY48.00 | |
| 100 | @a20150309d2015 em y0chiy50 ea | |
| 101 | 0 | @achi |
| 102 | @aCN@b110000 | |
| 105 | @aak a 000yy | |
| 106 | @ar | |
| 200 | 1 | @a东方管理商业模式@ADong Fang Guan Li Shang Ye Mo Shi@e理论与应用@dTheory and application of the business model of oriental management@f苏宗伟, 赵渤著@zeng |
| 210 | @a北京@c经济管理出版社@d2015.01 | |
| 215 | @a323页@c图@d26cm | |
| 300 | @a复旦大学“985工程”“中国管理模式研究 —— 东方管理的创新与发展”资助研究成果 | |
| 320 | @a有书目 | |
| 330 | @a本书共分为四篇十二章, 主要内容包括: 东方管理商业模式构建理论 —— 历史、视角与规范 ; 东方管理商业模式规划与设计方法 —— 基于社会文化布局“人为”干预模式分析等。 | |
| 510 | 1 | @aTheory and application of the business model of oriental management@zeng |
| 517 | 1 | @a理论与应用@ALi Lun Yu Ying Yong |
| 606 | 0 | @a企业管理@AQi Ye Guan Li@x商业模式@x研究 |
| 606 | 0 | @a商业模式@AShang Ye Mo Shi |
| 606 | 0 | @a研究@AYan Jiu |
| 690 | @aF272.3@v5 | |
| 701 | 0 | @a苏宗伟@ASu Zong Wei@4著 |
| 701 | 0 | @a赵渤@AZhao Bo@4著 |
| 801 | 0 | @aCN@bTANGWEI@c20160803 |
| 905 | @b0889320-4@dF272.3@e1267@f5 | |
| 东方管理商业模式:理论与应用=Theory and application of the business model of oriental management/苏宗伟, 赵渤著.-北京:经济管理出版社,2015.01 |
| 323页:图;26cm |
| 复旦大学“985工程”“中国管理模式研究 —— 东方管理的创新与发展”资助研究成果 |
| ISBN 978-7-5096-3412-7:CNY48.00 |
| 本书共分为四篇十二章, 主要内容包括: 东方管理商业模式构建理论 —— 历史、视角与规范 ; 东方管理商业模式规划与设计方法 —— 基于社会文化布局“人为”干预模式分析等。 |
| ● |
| 相关链接 |
|
|
|
|
正题名:东方管理商业模式
索取号:F272.3/1267
 
预约/预借
| 序号 | 登录号 | 条形码 | 馆藏地/架位号 | 状态 | 备注 |
| 1 | 0889320 | 208893205 | 第一样本阅览室/ [索取号:F272.3/1267] | 在馆 | |
| 2 | 0889321 | 208893214 | 密集书库-海洋学院/ [索取号:F272.3/1267] | 在馆 | |
| 3 | 0889322 | 208893223 | 第一借阅区/ [索取号:F272.3/1267] | 在馆 | |
| 4 | 0889323 | 208893232 | 第一借阅区/ [索取号:F272.3/1267] | 在馆 | |
| 5 | 0889324 | 208893241 | 第一借阅区/ [索取号:F272.3/1267] | 在馆 |